| 000 | 01469cam a22003614a 4500 | ||
|---|---|---|---|
| 001 | 30652 | ||
| 005 | 20230410103843.0 | ||
| 008 | 050616s2005 ctu b 001 0 eng | ||
| 035 | _a14004469 | ||
| 925 | 0 |
_aacquire _b2 shelf copies _xpolicy default |
|
| 942 |
_2lcc _cbk |
||
| 010 | _a2005017481 | ||
| 015 |
_aGBA556474 _2bnb |
||
| 016 | 7 |
_a013245354 _2Uk |
|
| 020 | _a0275983072 (alk. paper) | ||
| 035 | _a(OCoLC)ocm60671824 | ||
| 040 |
_aDLC _cDLC _dUKM _dBAKER _dC#P _dPUL _dCOO _dDLC |
||
| 042 | _apcc | ||
| 043 |
_aa-kr--- _aa-kn--- _aa-ko--- |
||
| 050 | 1 | 4 |
_a409 DS 907.18 _bO52k 2005 |
| 082 | 0 | 0 |
_a951.9 _222 |
| 100 | 1 | _aOlsen, Edward A. | |
| 245 | 1 | 0 |
_aKorea, the divided nation / _cEdward A. Olsen. |
| 260 |
_aWestport, Conn. : _bPraeger Security International, _c2005. |
||
| 300 |
_a191 p. ; _c25 cm. |
||
| 504 | _aIncludes bibliographical references (p. [181]-186) and index. | ||
| 505 | 0 | _aIntroduction and the geographical setting -- The legacy of antiquity -- The imperial age -- Liberation and division -- South Korea's evolution, 1948-2004 -- North Korea's evolution, 1948-2004 -- Two Koreas: international perspectives -- Reuniting the Korean nation -- Conclusion: united Korea's prospects. | |
| 651 | 0 |
_aKorea _xHistory. |
|
| 651 | 0 |
_aKorea (South) _xHistory. |
|
| 651 | 0 |
_aKorea (North) _xHistory. |
|
| 650 | 0 | _aKorean reunification question (1945- ) | |
| 856 | 4 | 1 |
_3Table of contents _uhttp://www.loc.gov/catdir/toc/ecip0514/2005017481.html |
| 999 |
_c27115 _d27115 |
||